000
00325nam a2200145Ia 4500
100
_a
Flynn/Jim/ Clarke/ Bill
942
_c
BK
654
_a
Computer
245
_a
Visual J++ Java Programming
260
_b
New Riders
_a
New Delhi
_c
1996
082
_a
005.13(J)FLY
_b
CL
300
_a
666
546
_a
ENGLISH
999
_c
25304
_d
25304